[Event "Helsingor Xtracon op"]
[Site "Helsingor"]
[Date "2019.07.27"]
[Round "9"]
[White "Satre, Roger"]
[Black "Olsen, Karsten Kierkegaard"]
[Result "1-0"]
[WhiteElo "1867"]
[BlackElo "1670"]
[PlyCount "47"]
[EventDate "2019.07.20"]
[EventType "swiss"]
[EventRounds "10"]
[EventCountry "DEN"]
[SourceTitle "CBM 191 Extra"]
[Source "ChessBase"]
[SourceDate "2019.09.30"]
[SourceVersion "1"]
[SourceVersionDate "2019.09.30"]
[SourceQuality "1"]

1. d4 e6 2. Nf3 d5 3. c4 Nf6 4. Bf4 Bd6 5. Bg3 c6 6. e3 Ne4 7. Nbd2 Nxg3 8. hxg3 Nd7 9. Bd3 h6 10. 0-0 Nf6 11. Ne5 Bxe5 12. dxe5 Nh7 13. Qc2 Nf8 14. f4 dxc4 15. Nxc4 Nd7 16. Nd6+ Ke7 17. Rad1 f5 18. Bxf5 exf5 19. Nxf5+ Kf7 20. Qc4+ Kg6 21. Nh4+ Kh7 22. Qe4+ Kg8 23. e6 Qe7 24. Ng6 1-0

[Event "Helsingor Xtracon op"]
[Site "Helsingor"]
[Date "2019.07.21"]
[Round "3"]
[White "Satre, Roger"]
[Black "Narheim, Mats"]
[Result "0-1"]
[WhiteElo "1867"]
[BlackElo "1608"]
[PlyCount "62"]
[EventDate "2019.07.20"]
[EventType "swiss"]
[EventRounds "10"]
[EventCountry "DEN"]
[SourceTitle "CBM 191 Extra"]
[Source "ChessBase"]
[SourceDate "2019.09.30"]
[SourceVersion "1"]
[SourceVersionDate "2019.09.30"]
[SourceQuality "1"]

1. e4 c5 2. Nc3 Nc6 3. g3 g6 4. Bg2 Bg7 5. d3 d6 6. Be3 Bd7 7. Qd2 Nf6 8. Bh6 0-0 9. h4 Qb6 10. 0-0-0 a5 11. h5 c4 12. hxg6 fxg6 13. Bxg7 Kxg7 14. Nd5 Nxd5 15. Qh6+ Kf7 16. Qxh7+ Ke8 17. Qxg6+ Kd8 18. exd5 Ne5 19. Qg7 Kc7 20. d4 c3 21. b3 Qb4 22. Rf1 Qa3+ 23. Kd1 Qb2 24. Be4 Qb1+ 25. Ke2 Bb5+ 26. Ke3 Qxf1 27. Qxe7+ Bd7 28. f3 Ng4+ 29. fxg4 Qf2+ 30. Kd3 Qd2+ 31. Kc4 b5# 0-1

[Event "NOR-chT Club"]
[Site "Bergen"]
[Date "2018.05.12"]
[Round "3.7"]
[White "Haugsdal, Arn Tore"]
[Black "Satre, Roger"]
[Result "1/2-1/2"]
[WhiteElo "1987"]
[BlackElo "1825"]
[PlyCount "126"]
[EventDate "2018.05.10"]
[EventType "team-swiss"]
[EventRounds "6"]
[EventCountry "NOR"]
[SourceTitle "EXT 2019"]
[Source "ChessBase"]
[SourceDate "2018.10.10"]
[SourceVersion "1"]
[SourceVersionDate "2018.10.10"]
[SourceQuality "1"]
[WhiteTeam "Masfjorden"]
[BlackTeam "Haukas"]
[WhiteTeamCountry "NOR"]
[BlackTeamCountry "NOR"]

1. e4 e6 2. d4 d5 3. e5 c5 4. c3 Nc6 5. Nf3 Qb6 6. Bd3 Bd7 7. dxc5 Bxc5 8. 0-0 a5 9. a4 Nge7 10. Qe2 Ng6 11. h4 f6 12. Bxg6+ hxg6 13. g3 Kf7 14. Bf4 Rac8 15. Na3 Ne7 16. Nb5 Nf5 17. Kg2 Bc6 18. b4 axb4 19. cxb4 Bxb4 20. Rfb1 Bxb5 21. Qxb5 Qxb5 22. axb5 Bc5 23. Ra4 Bb6 24. Rb2 Ra8 25. Rba2 Rxa4 26. Rxa4 Rc8 27. g4 Ne7 28. Be3 Bxe3 29. fxe3 Rc5 30. Ra5 Nc6 31. Ra8 Rxb5 32. Rc8 fxe5 33. Rc7+ Kf6 34. Kg3 Ne7 35. g5+ Kf7 36. Nxe5+ Ke8 37. Rc3 Nf5+ 38. Kh3 Ne7 39. Ra3 Kd8 40. Ra8+ Kc7 41. Re8 Nf5 42. Rxe6 Rb3 43. Nxg6 Nxe3 44. h5 d4 45. Ne5 Nd5+ 46. Kg4 d3 47. Nf3 Rb4+ 48. Kg3 Nf4 49. h6 gxh6 50. gxh6 Nxe6 51. h7 d2 52. Nxd2 Rh4 53. Kxh4 Nf8 54. h8Q Ng6+ 55. Kg5 Nxh8 56. Kf5 Nf7 57. Ke6 Nd6 58. Kd5 Nf5 59. Kc5 Ne3 60. Kb5 Nc2 61. Kc5 Ne3 62. Kb5 Nc2 63. Kc5 Ne3 1/2-1/2

[Event "Helsingor Xtracon op"]
[Site "Helsingor"]
[Date "2017.07.28"]
[Round "8"]
[White "Satre, Roger"]
[Black "Loveid, Erik"]
[Result "0-1"]
[WhiteElo "1832"]
[BlackElo "1640"]
[PlyCount "80"]
[EventDate "2017.07.22"]
[EventType "swiss"]
[EventRounds "10"]
[EventCountry "DEN"]
[SourceTitle "CBM 179 Extra"]
[Source "ChessBase"]
[SourceDate "2017.08.23"]
[SourceVersion "1"]
[SourceVersionDate "2017.08.23"]
[SourceQuality "1"]

1. c4 d6 2. Nf3 e5 3. Nc3 f5 4. d3 Be7 5. e4 Nf6 6. b4 c6 7. a4 Na6 8. Qb3 h6 9. Nh4 0-0 10. Ng6 Re8 11. Be2 Kh7 12. Nxe7 Qxe7 13. 0-0 f4 14. f3 Be6 15. Bd2 Nh5 16. Rfd1 Rg8 17. Be1 g5 18. h3 Nf6 19. Rd2 h5 20. Nd1 g4 21. hxg4 hxg4 22. Bh4 g3 23. Kf1 Kg6 24. Ke1 Rh8 25. Bxf6 Qxf6 26. Nb2 Rh2 27. Bf1 Rah8 28. Kd1 Rh1 29. Kc2 Rg1 30. Kc3 Rhh1 31. Rdd1 Qd8 32. d4 exd4+ 33. Kxd4 c5+ 34. bxc5 Qf6+ 35. e5 Qxe5+ 36. Kd3 Nxc5+ 37. Kc2 Bf5+ 38. Nd3 Nxb3 39. Kxb3 Qe3 40. Kb4 Rxf1 0-1

[Event "Helsingor Xtracon op"]
[Site "Helsingor"]
[Date "2016.07.30"]
[Round "9"]
[White "Mehringer, Joerg"]
[Black "Satre, Roger"]
[Result "1/2-1/2"]
[WhiteElo "1966"]
[BlackElo "1797"]
[PlyCount "92"]
[EventDate "2016.07.23"]
[EventType "swiss"]
[EventRounds "10"]
[EventCountry "DEN"]
[SourceTitle "CBM 173 Extra"]
[Source "ChessBase"]
[SourceDate "2016.08.29"]
[SourceVersion "1"]
[SourceVersionDate "2016.08.29"]
[SourceQuality "1"]

1. e4 e6 2. d4 d5 3. exd5 exd5 4. c4 Nf6 5. Nc3 Nc6 6. Nf3 Bg4 7. cxd5 Nxd5 8. Bb5 Qe7+ 9. Qe2 Bxf3 10. Bxc6+ bxc6 11. gxf3 Qxe2+ 12. Kxe2 g6 13. Be3 Rb8 14. Rab1 Bg7 15. Rhc1 Kd7 16. Ne4 Rhe8 17. Kd2 f5 18. Nc5+ Kd6 19. f4 Bh6 20. Nd3 Re4 21. Ne5 Bxf4 22. Rxc6+ Ke7 23. Nc4 Rxd4+ 24. Ke2 Bxe3 25. fxe3 Rh4 26. Rh1 Rxc4 27. Rxc4 Rxb2+ 28. Kf3 Rxa2 29. h4 Ra3 30. Re1 f4 31. Ke4 Kd6 32. exf4 Nf6+ 33. Kd4 Rf3 34. Rd1 c5+ 35. Rxc5 Rxf4+ 36. Ke3+ Kxc5 37. Kxf4 h6 38. Ke5 Ng4+ 39. Ke6 a5 40. Rg1 h5 41. Kf7 Ne5+ 42. Kf6 Nf3 43. Rh1 Kb4 44. Kxg6 a4 45. Kxh5 a3 46. Kg6 Nxh4+ 1/2-1/2

[Event "Helsingor Xtracon op"]
[Site "Helsingor"]
[Date "2016.07.25"]
[Round "4"]
[White "Satre, Roger"]
[Black "Kaasen, Tor Fredrik"]
[Result "0-1"]
[WhiteElo "1797"]
[BlackElo "2219"]
[PlyCount "98"]
[EventDate "2016.07.23"]
[EventType "swiss"]
[EventRounds "10"]
[EventCountry "DEN"]
[SourceTitle "CBM 173 Extra"]
[Source "ChessBase"]
[SourceDate "2016.08.29"]
[SourceVersion "1"]
[SourceVersionDate "2016.08.29"]
[SourceQuality "1"]

1. e4 c5 2. Nc3 Nc6 3. g3 g6 4. Bg2 Bg7 5. d3 d6 6. Be3 Rb8 7. Qd2 b5 8. h4 h5 9. Nh3 Nd4 10. Nd5 Bg4 11. Ng5 b4 12. c3 Nc6 13. 0-0 Qa5 14. cxb4 Nxb4 15. Nxb4 Qxb4 16. Rab1 Qxd2 17. Bxd2 Be2 18. Bc3 Kf8 19. Rfe1 Bxd3 20. Rbd1 Bc4 21. e5 Bxe5 22. Bxe5 dxe5 23. b3 Bb5 24. Rxe5 Nf6 25. Rxc5 Kg7 26. Rc7 Rbd8 27. Rxd8 Rxd8 28. Rxe7 Rd1+ 29. Kh2 Ng4+ 30. Kh3 Nxf2+ 31. Kh2 Ng4+ 32. Kh3 Rd2 33. Rxf7+ Kg8 34. Rc7 Bd7 35. Ne4 Nf2+ 36. Kh2 Nxe4 37. Rxd7 Rxd7 38. Bxe4 Kg7 39. Kg2 Rd2+ 40. Kf3 Rxa2 41. g4 Rb2 42. Bd5 Rd2 43. Bc4 Rd4 44. gxh5 gxh5 45. Kg3 Rg4+ 46. Kh3 Rxc4 47. bxc4 a5 48. c5 Kf6 49. c6 Ke6 0-1

[Event "Berlin Spring op-B"]
[Site "Berlin"]
[Date "2014.05.01"]
[Round "2"]
[White "Gelman, Josef"]
[Black "Satre, Roger"]
[Result "1/2-1/2"]
[WhiteElo "1528"]
[BlackElo "1875"]
[PlyCount "94"]
[EventDate "2014.05.01"]
[EventType "swiss"]
[EventRounds "7"]
[EventCountry "GER"]
[SourceTitle "CBM 160 Extra"]
[Source "ChessBase"]
[SourceDate "2014.07.01"]
[SourceVersion "1"]
[SourceVersionDate "2014.07.01"]
[SourceQuality "1"]

1. d4 d5 2. Bf4 Nf6 3. e3 Bg4 4. Be2 Bxe2 5. Nxe2 Nh5 6. Nd2 e6 7. c3 Nxf4 8. Nxf4 c5 9. 0-0 Nd7 10. Nf3 Bd6 11. Re1 0-0 12. Nd3 c4 13. Nde5 Nf6 14. Qc2 Qc7 15. Rad1 Ne4 16. Nd2 Nxd2 17. Qxd2 Bxe5 18. dxe5 Qxe5 19. Qd4 Qc7 20. e4 Rfd8 21. e5 Qb6 22. Qxb6 axb6 23. a3 Rf8 24. Rd2 f5 25. f4 Kf7 26. Ree2 h6 27. Kf2 Rg8 28. h3 g5 29. g3 gxf4 30. gxf4 Rg6 31. Kf3 Rag8 32. Rg2 Rxg2 33. Rxg2 Rxg2 34. Kxg2 Ke7 35. Kg3 Kd7 36. Kh4 Kc6 37. Kh5 Kc5 38. Kxh6 d4 39. cxd4+ Kxd4 40. Kg6 Kd3 41. h4 Kc2 42. h5 Kxb2 43. h6 c3 44. h7 c2 45. h8Q c1Q 46. Kf6 Qc6 47. Qg8 b5 1/2-1/2

[Event "Oslo Sveins op 6th"]
[Site "Oslo"]
[Date "2013.06.24"]
[Round "6"]
[White "Djurhuus, Eivind X"]
[Black "Satre, Roger"]
[Result "0-1"]
[WhiteElo "1934"]
[BlackElo "1835"]
[PlyCount "48"]
[EventDate "2013.06.21"]
[EventType "swiss"]
[EventRounds "9"]
[EventCountry "NOR"]
[SourceTitle "CBM 155 Extra"]
[Source "ChessBase"]
[SourceDate "2013.08.26"]
[SourceVersion "1"]
[SourceVersionDate "2013.08.26"]
[SourceQuality "1"]

1. e4 e6 2. d4 d5 3. Nc3 Bb4 4. e5 c5 5. a3 Bxc3+ 6. bxc3 Ne7 7. h4 Nbc6 8. h5 Qa5 9. Bd2 Qa4 10. Nf3 cxd4 11. Rh4 Nf5 12. Rf4 g5 13. Nxg5 Nxe5 14. Qe2 f6 15. g4 Qxc2 16. Qb5+ Bd7 17. Qxb7 dxc3 18. Bc1 0-0 19. Nxe6 Bxe6 20. gxf5 Rfb8 21. Qe7 Bxf5 22. Qxf6 Re8 23. Be2 Nf3+ 24. Kf1 Bh3# 0-1

[Event "Fagernes Norsk op"]
[Site "Fagernes"]
[Date "2013.03.24"]
[Round "1"]
[White "Notkevich, Benjamin Arvola"]
[Black "Satre, Roger"]
[Result "1-0"]
[WhiteElo "2355"]
[BlackElo "1847"]
[PlyCount "63"]
[EventDate "2013.03.24"]
[EventType "swiss"]
[EventRounds "9"]
[EventCountry "NOR"]
[SourceTitle "CBM 153 Extra"]
[Source "ChessBase"]
[SourceDate "2013.04.22"]
[SourceVersion "1"]
[SourceVersionDate "2013.04.22"]
[SourceQuality "1"]

1. e4 e6 2. d4 d5 3. Nc3 Bb4 4. e5 c5 5. a3 Bxc3+ 6. bxc3 Nc6 7. Qg4 Nge7 8. Qxg7 Rg8 9. Qxh7 cxd4 10. Ne2 dxc3 11. h4 Qc7 12. Bg5 Qxe5 13. f4 Qf5 14. Qxf5 Nxf5 15. h5 Ne3 16. Rc1 e5 17. Nxc3 Bf5 18. g4 Bh7 19. Rh3 exf4 20. Bxf4 Nxc2+ 21. Rxc2 Bxc2 22. Re3+ Kd7 23. Nxd5 Rae8 24. Nf6+ Kd8 25. Kd2 Bb1 26. Rb3 Be4 27. Rxb7 Re7 28. Rxe7 Nxe7 29. Nxg8 Nxg8 30. Bd3 Bxd3 31. Kxd3 Nf6 32. Bg5 1-0

[Event "Politiken Cup 34th"]
[Site "Helsingor"]
[Date "2012.08.05"]
[Round "10"]
[White "Satre, Roger"]
[Black "Tryggestad, Andreas Garberg"]
[Result "1-0"]
[WhiteElo "1866"]
[BlackElo "1721"]
[PlyCount "91"]
[EventDate "2012.07.28"]
[EventType "swiss"]
[EventRounds "10"]
[EventCountry "DEN"]
[SourceTitle "CBM 149 Extra"]
[Source "ChessBase"]
[SourceDate "2012.08.24"]
[SourceVersion "1"]
[SourceVersionDate "2012.08.24"]
[SourceQuality "1"]

1. c4 e5 2. Nc3 Nf6 3. Nf3 d6 4. g3 g6 5. Bg2 Bg7 6. 0-0 0-0 7. d3 c6 8. e4 Be6 9. Ng5 Nbd7 10. f4 h6 11. Nxe6 fxe6 12. f5 exf5 13. exf5 g5 14. Be3 Nb6 15. Qb3 Kh8 16. Kh1 Qc7 17. Rad1 Nc8 18. d4 Ne7 19. dxe5 dxe5 20. Bc5 Rad8 21. Qb4 Rde8 22. Bd6 Qd7 23. Bxe5 Qc8 24. Bd6 Nxf5 25. Bxf8 Bxf8 26. c5 Bg7 27. Rd3 Ne3 28. Rf2 Nfg4 29. Re2 Qf5 30. Ne4 a5 31. Qa4 Nf1 32. Rf3 Nxg3+ 33. hxg3 Qg6 34. Kg1 Rd8 35. Rd2 Rxd2 36. Nxd2 Ne5 37. Rf1 Qd3 38. Qd1 Qxg3 39. Qe1 Qg4 40. Qe4 Qd7 41. Nc4 Nd3 42. Rd1 Bd4+ 43. Ne3 Nf4 44. Bf3 Ne6 45. Bg4 Nxc5 46. Qxd4+ 1-0

[Event "Politiken Cup 34th"]
[Site "Helsingor"]
[Date "2012.07.30"]
[Round "4"]
[White "Satre, Roger"]
[Black "Eriksson, Christian Altenburg"]
[Result "0-1"]
[WhiteElo "1866"]
[BlackElo "2106"]
[PlyCount "28"]
[EventDate "2012.07.28"]
[EventType "swiss"]
[EventRounds "10"]
[EventCountry "DEN"]
[SourceTitle "CBM 149 Extra"]
[Source "ChessBase"]
[SourceDate "2012.08.24"]
[SourceVersion "1"]
[SourceVersionDate "2012.08.24"]
[SourceQuality "1"]

1. e4 c5 2. Nc3 Nc6 3. g3 g6 4. Bg2 Bg7 5. d3 d6 6. f4 Nf6 7. Nf3 Bg4 8. 0-0 Nd4 9. h3 Nxf3+ 10. Bxf3 Bxh3 11. Re1 Qd7 12. Be3 Ng4 13. Qd2 Nxe3 14. Qxe3 Bd4 0-1

[Event "Politiken Cup 34th"]
[Site "Helsingor"]
[Date "2012.07.28"]
[Round "1"]
[White "Aabling Thomsen, Jakob"]
[Black "Satre, Roger"]
[Result "1-0"]
[WhiteElo "2331"]
[BlackElo "1866"]
[PlyCount "65"]
[EventDate "2012.07.28"]
[EventType "swiss"]
[EventRounds "10"]
[EventCountry "DEN"]
[SourceTitle "CBM 149 Extra"]
[Source "ChessBase"]
[SourceDate "2012.08.24"]
[SourceVersion "1"]
[SourceVersionDate "2012.08.24"]
[SourceQuality "1"]

1. e4 e6 2. d4 d5 3. Nc3 Nf6 4. Bg5 Be7 5. e5 Nfd7 6. h4 Bxg5 7. hxg5 Qxg5 8. Qd3 g6 9. Nh3 Qd8 10. 0-0-0 a6 11. f4 Nc6 12. Ng5 Nf8 13. Rh6 f6 14. Nxh7 fxe5 15. dxe5 Nxe5 16. Qd4 Rxh7 17. Rxh7 Nxh7 18. Qxe5 Qe7 19. Bd3 Nf8 20. Re1 c6 21. g4 Bd7 22. a3 0-0-0 23. Na4 b5 24. b4 a5 25. Nc5 Be8 26. Qd4 axb4 27. axb4 Bf7 28. Qa1 Kb8 29. Qa5 Nd7 30. Na6+ Kb7 31. Qc7+ Kxa6 32. c3 Qh4 33. Kd2 1-0